| 000 | 00559nam a2200169 i 4500 | ||
|---|---|---|---|
| 001 | 51185 | ||
| 003 | ES-MaACL | ||
| 005 | 20230906162320.0 | ||
| 007 | t| | ||
| 008 | 030811s1949 sp ||||1| spa d | ||
| 100 | 1 |
_aChaparro Wert, Manuel. _938007 |
|
| 245 | 1 | 0 |
_aSerranía _b: poemas de la montaña de Huelva / _cManuel Chaparro Wert ; dibujos de José Mª Labrador. |
| 260 |
_aHuelva : _bRiotinto, _c[1949] ( _fTip. G. Chaparro) |
||
| 300 |
_a193 p., 2 lám. ; _c17 cm. |
||
| 700 | 1 |
_aLabrador, José María. _969283 |
|
| 852 |
_aES-MaACL _j1901-F-3 _bR.28447 |
||
| 999 |
_c51185 _d51185 |
||